Linguistic survey of India / (Record no. 17135)
[ view plain ]
| 000 -LEADER | |
|---|---|
| fixed length control field | 01108nam a22002777a 4500 |
| 001 - CONTROL NUMBER | |
| control field | 17135 |
| 003 - CONTROL NUMBER IDENTIFIER | |
| rucl marc code | BD-RjUL |
| 005 - DATE AND TIME OF LATEST TRANSACTION | |
| control field | 20211209000108.0 |
| 008 - FIXED-LENGTH DATA ELEMENTS--GENERAL INFORMATION | |
| fixed length control field | 140216r19671909ii ab a f000 0 eng |
| 035 ## - SYSTEM CONTROL NUMBER | |
| System control number | (BD-RjUL)17192 |
| 040 ## - CATALOGING SOURCE | |
| Original cataloging agency | DLC |
| Transcribing agency | DLC |
| Language of cataloging | eng |
| Modifying agency | BD-RjUL |
| 041 0# - LANGUAGE CODE | |
| Language code of text/sound track or separate title | engmul |
| 082 ## - DEWEY DECIMAL CLASSIFICATION NUMBER | |
| Classification number | 409.54 |
| Author mark and year | LIN 1967 |
| 245 00 - TITLE STATEMENT | |
| Title | Linguistic survey of India / |
| Statement of responsibility, etc. | [compiled and edited] by George Abraham Grierson. |
| Number of part/section of a work | VOL. III. |
| Name of part/section of a work | Tibeto-Burman Family : Part.I. |
| -- | General Introduction, Specimens of the Tibetan Dialects, The Himalayan Dialects, and the North Assam Group. |
| 260 ## - PUBLICATION, DISTRIBUTION, ETC. (IMPRINT) | |
| Place of publication, distribution, etc. | Delhi ; |
| -- | Calcutta : |
| Name of publisher, distributor, etc. | Govt. of India, Central Publication Branch, |
| Date of publication, distribution, etc. | 1909.[reprint-1967] |
| 300 ## - PHYSICAL DESCRIPTION | |
| Pagination | v. [XXii,621p.,24p] : |
| Illustrations | ill., maps ; |
| Size | 28 cm. |
| 650 ## - SUBJECT ADDED ENTRY--TOPICAL TERM | |
| Topical term or geographic name as entry element | Language surveys |
| Geographic subdivision | India |
| 9 (RLIN) | 54271 |
| 651 #0 - SUBJECT ADDED ENTRY--GEOGRAPHIC NAME | |
| Geographic name | India |
| General subdivision | Languages |
| -- | Surveys. |
| 9 (RLIN) | 52853 |
| Geographic name | India |
| General subdivision | Languages. |
| 9 (RLIN) | 54272 |
| 700 1# - ADDED ENTRY--PERSONAL NAME | |
| Personal name | Grierson, George Abraham, ed. |
| 830 #0 - SERIES ADDED ENTRY--UNIFORM TITLE | |
| Volume number/sequential designation | item 08878. |
| 830 #0 - SERIES ADDED ENTRY--UNIFORM TITLE | |
| Uniform title | SAMP early 20th-century Indian books project ; |
| 942 ## - ADDED ENTRY ELEMENTS (KOHA) | |
| Source of classification or shelving scheme | Dewey Decimal Classification |
| Koha item type | Rare Books |
| Lost status | Source of classification or shelving scheme | Damaged status | Not for loan | Permanent Location | Current Location | Shelving location | Date acquired | Source of acquisition | Total Checkouts | Full call number | Date last seen | Copy number | Koha item type |
|---|---|---|---|---|---|---|---|---|---|---|---|---|---|
| Dewey Decimal Classification | Not For Loan | Central Library, University of Rajshahi | Central Library, University of Rajshahi | Rare Book Section | 24/05/1957 | Pub united ltd. | RA 409.54 LIN V.3 1967 | 16/02/2014 | C-1 | Rare Books |